Statistics for International Licence Plates: Single Letter

Click here to take the quiz!

General Stats

  • This quiz has been taken 265 times
  • The average score is 13 of 20

Answer Stats

LetterCountry% Correct
FFrance
91%
BBelgium
89%
DGermany
89%
QQatar
88%
AAustria
84%
ZZambia
84%
HHungary
83%
IItaly
82%
PPortugal
79%
JJapan
78%
ESpain
77%
SSweden
75%
NNorway
72%
LLuxembourg
67%
VVatican City
67%
MMalta
40%
TThailand
37%
GGabon
25%
KCambodia
21%
CCuba
20%

Score Distribution

Percentile by Number Answered

Percent of People with Each Score

Your Score History

You have not taken this quiz